Vemo-nos em agosto (Registo nº 197607)

Detalhes MARC
000 -Etiqueta do registo
Valores 00670nam 22002053 4500
010 ## - Número ISBN
ISBN 978-972-20-8101-6
021 ## - Número do Depósito Legal
Número 525723/23
100 ## - Dados gerais de processamento
Dados gerais 20250826d u||y0pory50 ba
200 ## - Titulo e menção de responsabilidade
Título próprio Vemo-nos em agosto
Primeira menção de responsabilidade Gabriel García Marquez
Outras menções de responsabilidade edição ao cuidado de Cristóbal Pera
-- tradução de J. Teixeira de Aguilar
205 ## - Menção da edição
Edição
210 ## - Publicação
Local de publicação Alfragide
Nome do editor Publicações Dom Quixote
Data de publicação 2024
215 ## - Descrição física 
Paginação / Volumes 116 p.
Outras indicações físicas brochado
Dimensões 23 cm
606 ## - Nome comum usado como assunto
ID Autoridade 979
Palavra de ordem Literatura Colombiana
675 ## - CDU
Notação 821.134.2(862)-3
Edição PT
Língua por
700 ## - Autor principal (pessoa individual)
ID Autoridade 2213
Apelido García Márquez
Nome Gabriel
Datas 1927-2014
801 ## - Fonte de origem
País PT
Agência BMMN
Regras de catalogação RPC
830 ## - Notas gerais do catalogador
Criado por Fernando
Indexado por Fernando
990 ## - Elementos KOHA
Tipo de documento Livro
Exemplares
Situação do levantamento Biblioteca de origem Código de barras Cota Permissão de empréstimo Tipo de documento Forma de aquisição
  Biblioteca Municipal de Montemor-o-Novo 25725 821.134.2(862) GAR|LG   Livro Oferta

Powered by Koha